00472 2200169 4500001002100000005001700021035002500038090001800063100003100081245006700112250001100179260003800190300002800228850001200256990001700268990001700285YOGYA00000000001240520150310105112.0 a0010-081400000012123 a297.212 Azz D aAz-Zaghafi, M. Abdul Malik a82 pertanyaan tentang alam kuburc/ Az-Zaghafi, M. Abdul Malik aCet. 2 aJakartabPustaka Al-kautsarc2004 axvi, 264 hlm.c17.5 cm. aYOPDYOG a4968-PD/A.05 a4969-PD/A.05